LEADER 05111nam 2200649 a 450 001 9910461781803321 005 20200520144314.0 010 $a1-280-39425-0 010 $a9786613572172 010 $a1-84719-981-X 035 $a(CKB)2670000000185763 035 $a(EBL)932946 035 $a(OCoLC)794492408 035 $a(SSID)ssj0000658720 035 $a(PQKBManifestationID)12197862 035 $a(PQKBTitleCode)TC0000658720 035 $a(PQKBWorkID)10691355 035 $a(PQKB)10191073 035 $a(MiAaPQ)EBC932946 035 $a(PPN)228029740 035 $a(Au-PeEL)EBL932946 035 $a(CaPaEBR)ebr10555764 035 $a(CaONFJC)MIL357217 035 $a(EXLCZ)992670000000185763 100 $a20120516d2012 uy 0 101 0 $aeng 135 $aur|n|---||||| 181 $ctxt 182 $cc 183 $acr 200 10$aSocial media for WordPress$b[electronic resource] $ebeginner's guide : a quicker way to build communities, engage members, and promote your site /$fMichael Kuhlmann 210 $aOlton, Birmingham [England] $cPackt Pub.$d2012 215 $a1 online resource (166 p.) 225 0 $aLearn by doing : less theory, more results 300 $aDescription based upon print version of record. 311 $a1-84719-980-1 320 $aIncludes bibliographical references and index. 327 $aCover; Social Media for WordPress; Credits; Foreword; About the Author; About the Reviewers; www.PacktPub.com; Support files, eBooks, discount offers and more; Why Subscribe?; Free Access for Packt account holders; Table of Contents; Preface; What this book covers; What you need for this book; Who this book is for; Conventions; Time for action - heading; Reader feedback; Customer support; Downloading the example code for this book; Errata; Piracy; Questions; Chapter 1:Share it the Easy Way; Before you read this book; A brief overview of social media; Social media is the new Web 2.0 327 $aGoing social does not mean going viralThe WordPress advantage; Doing more with core functions; The karma of pingbacks and comments; Food for thought: RSS feed basics; Time for action - building an automated newsletter with a keyword-based RSS feed; Part 1-creating a subscriber signup form; Part 2-creating a keyword-specific RSS feed; Part 3-Creating an automated newsletter campaign; What just happened?; Utilizing MailChimp and Yahoo! Pipes; Partnering and building sponsorship opportunities; Exploring more applications to this tutorial; Pop quiz - understanding key terms and key concepts 327 $aHave a go heroSummary; Chapter 2:Building the Social Network: BuddyPress and WP Symposium; Before you enable the social layer; Take a measured approach to your feature rollout; Make your passion your niche market; Set aside time; Top 10 plugins to supplement your BuddyPress site; Activating BuddyPress plugins; What just happened?; The Default BuddyPress theme; The Facebook connection; Prepare for a work in progress; Easing your users into BuddyPress; Time for action: how to convert site visitors to site members; Part 1: connecting your WordPress site with Facebook 327 $aPart 2: greeting your new visitors with a warm welcomePart 3: providing your new site visitor with incentives; What just happened?; Use your own voice; Don't overwhelm your new site members; Profiling your site members; Pop quiz - audience engagement; Gamification: The art of user-generated content; Time for action - how to get your users to create original content for you; Part 1: create a post content form with ratings; Time for action - how to enable users to share your content; Part 2: simplifying the process of sharing user reviews; What just happened? 327 $aWhy post reviews and ratings matterBuddyPress vs. WP Symposium; The issue with privacy; Single and multiple developers; What can I build with WPS?; Have a go hero; Summary; Chapter 3:Community Forums for the Masses; Comments versus forums; When to use comments; When to use forums; When to use support forums; Watching out for common pitfalls; Time for action - how to automatically display selective forum posts in Twitter; Part 1: setting up groups and forums for BuddyPress; Part 2: creating tweets through forum content; Part 3: automating and customizing tweets with WordPress 327 $a(Optional) Part 4: automatically deleting duplicate Twitter content 330 $aFast paced, quick to read, impossible to put down, this book is a complete plan for social engagement on the web. You've heard plenty of social media success stories. You know your WordPress site inside and out, but you want help. Stop right now and pick up a copy of this book. 606 $aSocial media$vHandbooks, manuals, etc 608 $aElectronic books. 615 0$aSocial media 676 $a006.7/54 676 $a006.754 700 $aKu?hlmann$b Michael$0869837 801 0$bMiAaPQ 801 1$bMiAaPQ 801 2$bMiAaPQ 906 $aBOOK 912 $a9910461781803321 996 $aSocial media for WordPress$91942134 997 $aUNINA LEADER 03314nam 2200565 450 001 9910511390503321 005 20190826145055.0 010 $a90-04-35582-0 024 7 $a10.1163/9789004355828 035 $a(CKB)4100000001128320 035 $a(MiAaPQ)EBC5265051 035 $a(OCoLC)1008776042 035 $a(nllekb)BRILL9789004355828 035 $a(EXLCZ)994100000001128320 100 $a20180303h20182018 uy 0 101 0 $aeng 135 $aurcnu|||||||| 181 $2rdacontent 182 $2rdamedia 183 $2rdacarrier 200 10$aChildren, autonomy and the courts $ebeyond the right to be heard /$fby Aoife Daly 210 1$aLeiden, Netherlands ;$aBoston, [Massachusetts] :$cBrill Nijhoff,$d2018. 210 4$dİ2018 215 $a1 online resource (449 pages) 225 1 $aStockholm Studies in Child Law and Children's Rights,$x2405-8343 ;$vVolume 3 300 $aIncludes index. 311 $a90-04-35581-2 327 $aFront Matter -- -- Contents -- Foreword -- Preface -- Introduction: Children, Autonomy and the Courts: Beyond the Right to be Heard -- A Proposal: Replace the ?Right to be Heard? with a ?Children?s Autonomy Principle? -- The Children?s Autonomy Principle and the Best Interest of the Child -- Chapter 3: The ?Liberal Ideal?: Autonomy, Capacity and the Adult/Child Divide -- Chapter 4: Ensuring Good Processes for Children through Respect for Autonomy -- Chapter 5: ?Weighing? Views: The Right to be Heard Does Not Allow Children to Sufficiently Influence Outcomes -- Putting the Autonomy Principle into Practice: Moving from a Focus on ?Competence? to One on Significant Harm -- Chapter 7: Autonomy Support: Embedding the Children?s Autonomy Principle in Good Systems -- Conclusion. 330 $aIn this book Aoife Daly argues that where courts decide children?s best interests (for example about parental contact) the UN Convention on the Rights of the Child's \'right to be heard\' is insufficient, and autonomy should instead be the focus. Global law and practice indicate that children are regularly denied due process rights in their own best interest proceedings and find their wishes easily overridden. It is argued that a children?s autonomy principle, respecting children?s wishes unless significant harm would likely result, would ensure greater support for children in proceedings, and greater obligations on adults to engage in transparent decision-making. This book is a call for a reconceptualisation of the status of children in a key area of children?s rights. 410 0$aStockholm studies in child law and children's rights ;$vVolume 3. 606 $aChildren's rights 606 $aChildren (International law) 606 $aDue process of law 606 $aLocus standi 606 $aAutonomy in children 608 $aElectronic books. 615 0$aChildren's rights. 615 0$aChildren (International law) 615 0$aDue process of law. 615 0$aLocus standi. 615 0$aAutonomy in children. 676 $a342.08772 700 $aDaly$b Aoife$01067560 801 0$bMiAaPQ 801 1$bMiAaPQ 801 2$bMiAaPQ 906 $aBOOK 912 $a9910511390503321 996 $aChildren, autonomy and the courts$92551451 997 $aUNINA LEADER 03040nam 2200409 450 001 9910552762003321 005 20230307175444.0 010 $a1-61249-292-4 035 $a(CKB)4340000000017973 035 $a(NjHacI)994340000000017973 035 $a(oapen)https://directory.doabooks.org/handle/20.500.12854/90428 035 $a(EXLCZ)994340000000017973 100 $a20221223d2013 uy 0 101 0 $aeng 135 $aur||||||||||| 181 $ctxt$2rdacontent 182 $cc$2rdamedia 183 $acr$2rdacarrier 200 00$aFashioning Jews $eclothing, culture, and commerce /$fedited by Leonard J. Greenspoon 210 $cPurdue University Press$d2013 210 1$aWest Lafayette, Indiana :$cPurdue University Press,$d[2013] 210 4$dİ2013 215 $a1 online resource (xvi, 205 pages) 330 $aThis volume presents papers delivered at the 24th Annual Klutznick Harris Symposium, held at Creighton University in October 2011. The contributors look at all aspects of the intimate relationship between Jews and clothing, through case studies from ancient, medieval, recent, and contemporary history. Papers explore topics ranging from Jewish leadership in the textile industry, through the art of fashion in nineteenth-century Vienna, to the use of clothing as a badge of ethnic identity, in both secular and religious contexts. Contents: Shmattas in the North, Shmattas in the South: The Civil War and the Birth of the American Clothing Industry (Adam Mendelsohn); Weimar Jewish Chic from Wigs to Furs: Jewish Women and Fashion in 1920s Germany (Kerry Wallach); Jewish Photographers and the Body in the Weimar Republic (Nils Roemer); Female Tallitot: Creating American Jewish Women?s Religious Experience through Fashion (Rachel Gordan); Clothes and the Weaving of American Jewish Comedy (Ted Merwin); The Jewish Badge in Renaissance Italy: The Iconic O, the Yellow Hat, and the Paradoxes of Distinctive Sign Legislation (Flora Cassen); How a Rabbi Should Be Dressed: The Question of Cassock and Clerical Clothing among Italian Rabbis from the Renaissance to Contemporary Times (Asher Salah); The ?Disinherited? Priesthood: A Look into Biblical Israel?s Unshod Priest (Christine Palmer); Costume and Identity in the Dura Europos Synagogue Paintings (Steven Fine); Picturing Vienna?s New Woman: Madame d?Ora meets Ella Zwieback-Zirner (Lisa Silverman); Aboriginal Yarmulkes, Ambivalent Attire, and Ironies of Contemporary Jewish Identity (Eric Silverman); Fashioning Jews on the Screen: The Impact of Dress on Crafting the Jewish Image in Film and Television (Brian Amkraut) 517 $aFashioning Jews 606 $aJews$xCivilization 610 $aNeedlework & fabric crafts 615 0$aJews$xCivilization. 676 $a909.04924 700 $aGreenspoon$b Leonard J$4edt$0895122 702 $aGreenspoon$b Leonard J. 801 0$bNjHacI 801 1$bNjHacl 906 $aBOOK 912 $a9910552762003321 996 $aFashioning Jews$91999936 997 $aUNINA